| 000 | 02184aab a2200457 a 4500 | ||
|---|---|---|---|
| 003 | AR-RoUNA | ||
| 008 | 140529||||||||||||||||| |||| 0|||| d | ||
| 022 | _a0210-2080 | ||
| 040 |
_aAR-RoUNA _bspa |
||
| 041 | _aspa | ||
| 044 | _asp | ||
| 080 | _a72.036 | ||
| 092 | _lLL792 | ||
| 245 |
_aOn Diseño _nNº 210 |
||
| 260 |
_aBarcelona : _bOn Diseño, _c1998 |
||
| 300 |
_a219 p. : _bplanos _bplantas _bfot. col. _c29x24 cm |
||
| 505 | 0 | _aPavimentos ligeros, Parquets y Moquetas. p. 80 | |
| 505 | 0 | _aEl Grupo Abet / PARQCOLOR SHORT - LA ALPUJARREÑA - DOS ESTRATOS. p. 81 | |
| 505 | 0 | _tNUEVO SEMINARIO DIOCESANO EN SEVILLA. | |
| 505 | 0 | _aCarbajal Navarro José Antonio / Nuevo seminario diocesano en Sevilla. p. 104 | |
| 505 | 0 | _aBallesteros José/ Acerca del nuevo seminario de Sevilla. p. 121 | |
| 505 | 0 | _tARQUITECTURAS RESIDENCIALES | |
| 505 | 0 | _aArtigues Ramón y Sanabria Ramón / Edificios de viviendas en Gava. (Barcelona). p. 138 | |
| 505 | 0 | _aParedes Grosso Manuel y Soriano Gil Albarellos Fernando. AUIA (Arquitectos, Urbanistas e ingenieros Asociados).p. 146 | |
| 505 | 0 | _aTusquets, Diaz y Asociados /Edificio de Viviendas en Montigalá. (Badalona. Barcelona).p. 156 | |
| 505 | 0 | _aEspinet Miquel y Ubach Antoni /Conjunto de Viviendas en Llorets de Mar. Girona. p. 166 | |
| 505 | 0 | _aFrancesh Carles/ Edificio de viviendas en Barcelona. p. 176 | |
| 505 | 0 | _aMinguez Martínez Enrique y López Sánchez Antonio/ Ocho viviendas de promoción pública en Totana. (Murcia). p. 184 | |
| 505 | 0 | _aAlberich Raimundo / Viviendas de protección oficial de Madrid. p. 192 | |
| 505 | 0 | _aAlberich Raimundo / Edificios de Viviendas en Getafe (Madrid).p. 200 | |
| 505 | 0 | _aGarcía Márquez Pura. Rubiño Ignacio y Rubiño Luis / Viviendas de promoción pública en los Palacios. (Sevilla). p. 208 | |
| 650 | 4 |
_aArquitectura contemporanea _912617 |
|
| 650 | 4 |
_aDiseño _93694 |
|
| 700 | 1 |
_aLlopis, Carme _edrt _912618 |
|
| 773 |
_aOn Diseño _dBarcelona, AramEdiciones S.A, _g210 ( 2000 ). p.219 _x0210-2080 |
||
| 908 | _aImp | ||
| 930 | _e6171 | ||
| 942 |
_2udc _cART |
||
| 945 |
_aMBP _d2019-02-19 |
||
| 980 |
_61 _aMaricel Allasia _81 _gMaricel Allasia |
||
| 999 |
_c12156 _d12156 |
||